| 000 | 00995nam a22002297a 4500 | ||
|---|---|---|---|
| 001 | 5799 | ||
| 003 | FISKH | ||
| 005 | 20250122163452.0 | ||
| 008 | 250122b cb ||||| |||| 00| 0 eng d | ||
| 020 | _a9780340789506 | ||
| 040 |
_aFISKH _beng _cFISKH _dFISKH |
||
| 050 | _aPZ7 | ||
| 082 | _a944.04 | ||
| 100 | _aHodgson, Chris | ||
| 245 |
_aThe French revolution, 1789-1794 / _cby Chris Hodgson |
||
| 250 | _aFirst published 2001 | ||
| 260 |
_aLondon : _bHodder Education , _c2001 . |
||
| 300 |
_a46 pages : _bcolor illustrations , maps ; _c28 cm . |
||
| 520 | _aHodder History helps you teach history the way you want to teach it. The French Revolution is an essential and unique resource for teaching and learning about the issues and events that characterise France before and after revolution. It never lets go of the period's story, providing innovative and exciting opportunities to examine the big picture and investigate particular topics. | ||
| 942 |
_2ddc _cBK _n0 |
||
| 999 |
_c5799 _d5799 |
||